000 00581nam a2200217 a 4500
999 _c9063
_d9063
001 9063
003 BD-JhCC
005 20180307201558.0
008 180307b1987 bg |||| ||a| 00| 0 ben d
035 _a(BD-JhCC) 9063
040 _aBD-JhCC
_dBD-JhCC
041 _aben
082 _a491.4414
_b1987
100 _aরায়, অজয়
245 _aসত্যেন সেন /
260 _aঢাকা :
_bবাংলা একাডেমী ঢাকা ,
_c1987
300 _a77 p .:
_c22 cm .
650 _aauthor biography
942 _2ddc
_cBK